[Event "M.Chigorin Memorial 2014"]
[Site "St. Petersburg"]
[Date "2014.10.24"]
[Round "7.51"]
[White "Basso, Pier Luigi"]
[Black "Sivuk, Vitaly"]
[Result "1/2-1/2"]
[WhiteElo "2312"]
[BlackElo "2523"]
[PlyCount "105"]
[EventDate "2014.10.18"]

1. c4 Nf6 2. g3 g6 3. Bg2 Bg7 4. Nc3 O-O 5. Nf3 d5 6. cxd5 Nxd5 7. O-O Nc6 8.
Qb3 Nb6 9. d3 h6 10. Be3 e5 11. Ne4 Be6 12. Qd1 Nd4 13. Nxd4 exd4 14. Bd2 Bd5
15. Qc2 Re8 16. Rfe1 f5 17. Nc5 Bxg2 18. Kxg2 Qd5+ 19. Kg1 Re5 20. Rac1 Rae8
21. Bf4 R5e7 22. h4 Kh7 23. Qd2 c6 24. a4 Qd8 25. a5 Nd5 26. a6 b6 27. Nb7 Qd7
28. Nd6 Rf8 29. Nc4 Re6 30. e3 Rfe8 31. exd4 Nxf4 32. gxf4 Bxd4 33. Rxe6 Qxe6
34. Ne5 c5 35. b4 Bxe5 36. fxe5 Qxe5 37. bxc5 bxc5 38. Rb1 Re7 39. Rb7 Rg7 40.
Qe3 Qd6 41. Qe8 h5 42. Rb8 Kh6 43. Qh8+ Rh7 44. Qg8 Qf6 45. Rb7 Rh8 46. Qc4 f4
47. Qf7 Qxf7 48. Rxf7 Rd8 49. Rxa7 Rxd3 50. Rc7 Ra3 51. a7 c4 52. Rxc4 Rxa7 53.
Rxf4 1/2-1/2

[Event "M.Chigorin Memorial 2014"]
[Site "St. Petersburg"]
[Date "2014.10.24"]
[Round "7.52"]
[White "Chekhov, Sergei"]
[Black "Pisakov, Ilia"]
[Result "1-0"]
[WhiteElo "2474"]
[BlackElo "2303"]
[PlyCount "67"]
[EventDate "2014.10.18"]

1. e4 Nf6 2. e5 Nd5 3. d4 d6 4. exd6 exd6 5. Nf3 Bg4 6. Be2 Be7 7. h3 Bh5 8. c3
c6 9. O-O O-O 10. Re1 Nd7 11. Bf1 Nc7 12. Bf4 Ne6 13. Bh2 Nf6 14. Nbd2 b5 15.
a4 a6 16. g4 Bg6 17. Nh4 d5 18. f4 Be4 19. g5 Ne8 20. Nxe4 dxe4 21. Rxe4 Nd6
22. Re1 Qd7 23. Qg4 Rad8 24. axb5 axb5 25. Bd3 g6 26. Nf3 Nc4 27. f5 Nc7 28.
fxg6 fxg6 29. Bxc4+ bxc4 30. Qxd7 Rxd7 31. Ne5 Rd5 32. Ng4 Rd7 33. Nh6+ Kg7 34.
Be5+ 1-0

[Event "M.Chigorin Memorial 2014"]
[Site "St. Petersburg"]
[Date "2014.10.24"]
[Round "7.53"]
[White "Munguntuul, Batkhuyag"]
[Black "Palachev, Petr"]
[Result "1-0"]
[WhiteElo "2433"]
[BlackElo "2288"]
[PlyCount "83"]
[EventDate "2014.10.18"]

1. e4 e6 2. d4 d5 3. Nc3 Nf6 4. e5 Nfd7 5. f4 c5 6. Nf3 Be7 7. Be3 b6 8. Be2
O-O 9. O-O Nc6 10. Nb1 cxd4 11. Nxd4 Nxd4 12. Bxd4 Bb7 13. c3 Nb8 14. a4 Nc6
15. Bf2 f6 16. Bg4 f5 17. Bf3 Qd7 18. Na3 Rfd8 19. Nc2 Ba6 20. Re1 Rac8 21. b4
Nb8 22. Qd2 Bc4 23. Reb1 Qc7 24. Nd4 Qd7 25. h3 Nc6 26. Nc2 g5 27. g3 gxf4 28.
gxf4 Kh8 29. Ne3 Nb8 30. Kh2 Rg8 31. Nxc4 Rxc4 32. Be2 Rc7 33. a5 Qc6 34. Bd4
Nd7 35. axb6 axb6 36. Bd3 h6 37. Qe2 Kh7 38. Bb5 Qb7 39. Qh5 Rg6 40. Rg1 Nf8
41. Be8 Rxg1 42. Rxg1 1-0

[Event "M.Chigorin Memorial 2014"]
[Site "St. Petersburg"]
[Date "2014.10.24"]
[Round "7.54"]
[White "Dauletova, Gulmira"]
[Black "Hayrapetyan, Hovik"]
[Result "0-1"]
[WhiteElo "2293"]
[BlackElo "2426"]
[PlyCount "130"]
[EventDate "2014.10.18"]

1. e4 c5 2. Nf3 e6 3. d4 cxd4 4. Nxd4 a6 5. c4 Nf6 6. Nc3 Qc7 7. a3 b6 8. Be3
Bb7 9. f3 d6 10. Be2 Be7 11. Rc1 Nbd7 12. O-O O-O 13. b4 Rac8 14. Qd2 Qb8 15.
Kh1 Bd8 16. Rc2 Bc7 17. Bg1 Rfe8 18. Rb1 Kh8 19. Na4 Qa8 20. Bf1 Ne5 21. Rbc1
Rcd8 22. Qf2 Ned7 23. Qd2 Rg8 24. Qg5 h6 25. Qe3 g5 26. Ne2 Bc6 27. Nb2 Kh7 28.
Nc3 Bb7 29. Nd3 g4 30. Bf2 Rg6 31. Nf4 Rg7 32. Bd3 Kh8 33. Bh4 gxf3 34. gxf3
Rdg8 35. Rg2 Rxg2 36. Nxg2 Qf8 37. Nf4 Bd8 38. Bg3 Ne5 39. Be2 Nfd7 40. Rd1 Kh7
41. Qd4 Bc7 42. Rf1 Qe7 43. Bd1 Bb8 44. Ng2 Rc8 45. Ne3 Qf6 46. Be2 Ba8 47. Na4
Bc7 48. Nb2 Bb8 49. Na4 Bc7 50. Nb2 h5 51. Ng2 Bb8 52. Bh4 Qh6 53. Ne3 Ng6 54.
Bg3 Rg8 55. Ng2 h4 56. Be1 d5 57. Bd2 Qh5 58. Na4 h3 59. Ne1 dxe4 60. Qxd7 Ne5
61. Qd4 exf3 62. Bd3+ Nxd3 63. Qxd3+ f5 64. Nxf3 Qg4 65. Qe2 Qg2+ 0-1

[Event "M.Chigorin Memorial 2014"]
[Site "St. Petersburg"]
[Date "2014.10.24"]
[Round "7.55"]
[White "Yeletsky, Ivan"]
[Black "Petrosyan, Tigran S"]
[Result "1/2-1/2"]
[WhiteElo "2284"]
[BlackElo "2426"]
[PlyCount "88"]
[EventDate "2014.10.18"]

1. d4 d5 2. Nc3 Nf6 3. Bf4 e6 4. e3 a6 5. Bd3 c5 6. dxc5 Bxc5 7. Nf3 b5 8. e4
d4 9. e5 Nh5 10. Bg5 Qa5 11. Be4 Ra7 12. Nxd4 Rd7 13. Qxh5 Bxd4 14. O-O Bxe5
15. Be3 Qc7 16. Rfe1 h6 17. Bd3 Bb7 18. Rad1 Bf6 19. Bc1 Qb6 20. Ne4 Bxe4 21.
Bxe4 Rxd1 22. Rxd1 Qc7 23. Qf3 Be5 24. g3 O-O 25. c3 Nd7 26. Bc2 Nf6 27. Qd3
Qb7 28. Be3 Bc7 29. Bc5 Re8 30. Be3 e5 31. Qf1 Bb6 32. Qe2 Bxe3 33. Qxe3 Qc6
34. Bb3 Qc7 35. Qd2 Qc8 36. Kg2 Qb7+ 37. Bd5 Qc8 38. f3 Qc7 39. a3 Re7 40. Be4
Rd7 41. Qe2 Rxd1 42. Qxd1 g6 43. Qd3 Kg7 44. a4 Nxe4 1/2-1/2

[Event "M.Chigorin Memorial 2014"]
[Site "St. Petersburg"]
[Date "2014.10.24"]
[Round "7.56"]
[White "Tunik, Gennady"]
[Black "Leontiev, Aleksandr V"]
[Result "1-0"]
[WhiteElo "2417"]
[BlackElo "2281"]
[PlyCount "49"]
[EventDate "2014.10.18"]

1. d4 Nf6 2. c4 g6 3. Nc3 d5 4. cxd5 Nxd5 5. e4 Nxc3 6. bxc3 Bg7 7. Be3 c5 8.
Nf3 Qa5 9. Qd2 O-O 10. Rc1 Nc6 11. d5 Rd8 12. Be2 b6 13. O-O e6 14. Rfd1 exd5
15. exd5 Bg4 16. Bg5 Rd7 17. Qe3 Bxf3 18. gxf3 Ne5 19. f4 Re8 20. Qh3 Qxa2 21.
Bb5 Rxd5 22. Bxe8 h6 23. Rxd5 Qxd5 24. fxe5 hxg5 25. e6 1-0

[Event "M.Chigorin Memorial 2014"]
[Site "St. Petersburg"]
[Date "2014.10.24"]
[Round "7.57"]
[White "Dzhumagaliev, Yan"]
[Black "Miroshnichenko, Pavel"]
[Result "1-0"]
[WhiteElo "2415"]
[BlackElo "2270"]
[PlyCount "65"]
[EventDate "2014.10.18"]

1. Nf3 Nf6 2. c4 b6 3. g3 Bb7 4. Bg2 c5 5. Nc3 g6 6. O-O Bg7 7. e3 O-O 8. d4
Ne4 9. Bd2 cxd4 10. exd4 Nxc3 11. Bxc3 d5 12. Ne5 e6 13. Qa4 f6 14. Nd3 Bc6 15.
Qd1 dxc4 16. Nf4 Bxg2 17. Kxg2 Qd7 18. Re1 Re8 19. Qf3 Na6 20. Nxe6 Nc7 21. d5
Nxe6 22. dxe6 Qe7 23. Rad1 Rad8 24. Rxd8 Rxd8 25. Qc6 Bf8 26. Qxc4 Qb7+ 27. Kg1
Kg7 28. g4 Be7 29. g5 Qf3 30. Qe4 Qh5 31. gxf6+ Bxf6 32. Qb7+ Kh6 33. Bxf6 1-0

[Event "M.Chigorin Memorial 2014"]
[Site "St. Petersburg"]
[Date "2014.10.24"]
[Round "7.58"]
[White "Erzhanov, Arman"]
[Black "Ponomarev, Dmitry"]
[Result "1-0"]
[WhiteElo "2278"]
[BlackElo "2413"]
[PlyCount "97"]
[EventDate "2014.10.18"]

1. e4 c6 2. d4 d5 3. f3 dxe4 4. fxe4 e5 5. Nf3 Be6 6. c3 Nd7 7. Bd3 h6 8. O-O
Bd6 9. Be3 Ngf6 10. Kh1 Qe7 11. Nbd2 Bc7 12. Qe2 Bg4 13. Qf2 Bh5 14. Qh4 O-O-O
15. Bg1 g5 16. Qf2 exd4 17. cxd4 Nc5 18. Ne1 Nxd3 19. Nxd3 Nd7 20. b4 Bg6 21.
Rae1 Kb8 22. d5 Nb6 23. Nc5 cxd5 24. Ndb3 Nc8 25. exd5 Qd6 26. Na5 Bxa5 27.
bxa5 Qxd5 28. Qb2 Ka8 29. Rf6 Rhe8 30. Rd1 Qxc5 31. Rxd8 Qe7 32. Rxe8 Qxe8 33.
Qd4 h5 34. Rd6 Kb8 35. Rd8 Qe6 36. Qc3 Bf5 37. Qg3+ Ka8 38. Qxg5 Be4 39. Qg8
Bf5 40. Rf8 Qc6 41. Qxf7 Bg4 42. Qf2 b6 43. axb6 axb6 44. Qxb6 Qxb6 45. Bxb6
Kb7 46. Bc5 Kc6 47. h3 Be6 48. Rf6 Kd5 49. Rh6 1-0

[Event "M.Chigorin Memorial 2014"]
[Site "St. Petersburg"]
[Date "2014.10.24"]
[Round "7.59"]
[White "Sichinava, Zviad"]
[Black "Delemarre, Jop"]
[Result "0-1"]
[WhiteElo "2275"]
[BlackElo "2399"]
[PlyCount "76"]
[EventDate "2014.10.18"]

1. d4 Nf6 2. Bg5 Ne4 3. Bh4 c5 4. f3 Nf6 5. c3 Qb6 6. Qd2 d5 7. e3 Bf5 8. g4
Bg6 9. Nh3 Nc6 10. Nf4 O-O-O 11. Bh3 cxd4 12. g5+ Kb8 13. exd4 Nh5 14. Nxh5
Bxh5 15. f4 e5 16. fxe5 Nxe5 17. dxe5 d4 18. Bf2 dxc3 19. Nxc3 Bc5 20. Bxc5
Qxc5 21. Qf4 Rd3 22. Bg4 Rd4 23. Qxd4 Qxd4 24. Bxh5 Qh4+ 25. Kd2 Qxg5+ 26. Kc2
Qxh5 27. Rad1 Re8 28. Rd5 Rxe5 29. Rd8+ Kc7 30. Rhd1 Qf5+ 31. Kb3 a6 32. a4
Qe6+ 33. Kc2 Rg5 34. Kb1 g6 35. R8d6 Qb3 36. R6d3 Qe6 37. Rd6 Qf5+ 38. Ka1 Rg1
0-1

[Event "M.Chigorin Memorial 2014"]
[Site "St. Petersburg"]
[Date "2014.10.24"]
[Round "7.60"]
[White "Slavin, Alexey"]
[Black "Davletbayeva, Madina"]
[Result "1-0"]
[WhiteElo "2397"]
[BlackElo "2263"]
[PlyCount "69"]
[EventDate "2014.10.18"]

1. g3 d5 2. Bg2 c6 3. Nf3 Bg4 4. O-O Nf6 5. b3 e6 6. Bb2 Bd6 7. d3 O-O 8. Nbd2
Nbd7 9. Qe1 Re8 10. e4 Bxf3 11. Nxf3 e5 12. exd5 cxd5 13. Nh4 Bf8 14. Qd2 Rc8
15. c4 dxc4 16. dxc4 Nc5 17. Rad1 Qb6 18. Nf5 a5 19. Qg5 Kh8 20. Rd6 Qc7 21.
Rxf6 gxf6 22. Qxf6+ Kg8 23. Bd5 Ra8 24. Qg5+ Kh8 25. f4 Nd3 26. Bxe5+ Nxe5 27.
Qf6+ Kg8 28. fxe5 Re6 29. Bxe6 Qb6+ 30. Kg2 Qxe6 31. Qxe6 fxe6 32. Nd4 Bb4 33.
Kf3 Bc3 34. Ke4 Rd8 35. Nxe6 1-0

[Event "M.Chigorin Memorial 2014"]
[Site "St. Petersburg"]
[Date "2014.10.24"]
[Round "7.61"]
[White "Gogolev, Artem"]
[Black "Ponfilenok, Vladimir"]
[Result "1/2-1/2"]
[WhiteElo "2253"]
[BlackElo "2389"]
[PlyCount "157"]
[EventDate "2014.10.18"]

1. e4 e6 2. d4 d5 3. exd5 exd5 4. c4 Nf6 5. Nc3 Bb4 6. Bd3 O-O 7. Nge2 dxc4 8.
Bxc4 Nbd7 9. O-O Nb6 10. Bd3 Bg4 11. Qc2 c6 12. a3 Be7 13. Bg5 h6 14. Bd2 Re8
15. f3 Be6 16. Be3 Bc4 17. Be4 Nbd5 18. Bf2 Bd6 19. Rfe1 Qc7 20. h3 Nh5 21.
Bh7+ Kh8 22. Bd3 Bxd3 23. Qxd3 Qd7 24. Ne4 Bc7 25. N2g3 Bxg3 26. Nxg3 Nhf4 27.
Qc2 Kg8 28. Re4 Ng6 29. Qc5 a6 30. Rae1 Nf6 31. Rxe8+ Rxe8 32. Rxe8+ Nxe8 33.
Ne4 f5 34. Nc3 Nf6 35. Na4 b5 36. Nc3 Ne7 37. Bg3 Nfd5 38. Ne2 Ng6 39. Be5 Nf8
40. Qc2 Kf7 41. Nc1 Qe6 42. Qc5 Ne7 43. Nd3 Qb3 44. Nb4 Qe3+ 45. Kh2 Ne6 46.
Qd6 Ng5 47. Bf4 Nxf3+ 48. gxf3 Qf2+ 49. Kh1 a5 50. Na6 Qxf3+ 51. Kg1 g5 52. Be5
Qd1+ 53. Kf2 Qd2+ 54. Kf1 Qc1+ 55. Kf2 Qd2+ 56. Kf1 Qd1+ 57. Kf2 Qc2+ 58. Kf1
Qc1+ 59. Kf2 Qc2+ 60. Kf1 Qb1+ 61. Kf2 Qxb2+ 62. Kf1 Qc1+ 63. Kf2 Qd2+ 64. Kf1
Qd3+ 65. Kf2 Qd2+ 66. Kf1 Qd1+ 67. Kf2 Qc2+ 68. Kf1 Qc1+ 69. Kf2 Qb2+ 70. Kf1
Qb1+ 71. Kf2 Qb2+ 72. Kf1 Qb1+ 73. Kf2 Qa2+ 74. Kg1 Qa1+ 75. Kf2 Qa2+ 76. Kg1
Qe6 77. Qd8 Qb3 78. Nc7 Qe3+ 79. Kg2 1/2-1/2

[Event "M.Chigorin Memorial 2014"]
[Site "St. Petersburg"]
[Date "2014.10.24"]
[Round "7.62"]
[White "Iljin, Timofey"]
[Black "Klukin, Kirill"]
[Result "1-0"]
[WhiteElo "2388"]
[BlackElo "2234"]
[PlyCount "147"]
[EventDate "2014.10.18"]

1. d4 Nf6 2. c4 g6 3. Nc3 Bg7 4. e4 d6 5. Nf3 O-O 6. Be2 Na6 7. O-O e5 8. Be3
Ng4 9. Bg5 Qe8 10. h3 exd4 11. Nd5 f6 12. Bf4 Ne5 13. Nxd4 Qf7 14. Rc1 Nc5 15.
Nb5 Ne6 16. Be3 f5 17. f4 Nc6 18. exf5 gxf5 19. Bh5 Qd7 20. Qd2 a6 21. Nbc3
Ncd4 22. Qf2 Qd8 23. Rfd1 c5 24. Na4 b5 25. Nab6 Ra7 26. Nxc8 Qxc8 27. b3 Qd7
28. Re1 bxc4 29. Rxc4 Qb7 30. Bf3 Qf7 31. Kh1 Nxf3 32. Qxf3 Nc7 33. Nxc7 Rxc7
34. Rd1 Rd7 35. Qc6 Rfd8 36. Bf2 d5 37. Rxc5 Rd6 38. Qa4 d4 39. Qa5 d3 40. Rxf5
Qe6 41. Rd2 Qe4 42. Bh4 Rc8 43. Rg5 Kh8 44. Rc5 Rf8 45. Rc4 Qe6 46. Qb4 Rd5 47.
Re4 Qf5 48. Bf2 Rfd8 49. Qc4 h6 50. b4 Kh7 51. Bc5 R8d7 52. Re8 Qg6 53. Re3 h5
54. Kh2 Qf5 55. Qe4 Qxe4 56. Rxe4 a5 57. a3 Bc3 58. Rd1 Bb2 59. a4 axb4 60.
Bxb4 Rd4 61. Rxd4 Rxd4 62. Bd2 Rxa4 63. Kg3 Kg6 64. Kf3 Bf6 65. Be3 Ra3 66. g4
hxg4+ 67. hxg4 Rb3 68. Ke4 Kf7 69. Rxd3 Rxd3 70. Kxd3 Kg6 71. f5+ Kf7 72. Ke4
Bb2 73. g5 Bc3 74. Bf4 1-0

[Event "M.Chigorin Memorial 2014"]
[Site "St. Petersburg"]
[Date "2014.10.24"]
[Round "7.63"]
[White "Severina, Maria"]
[Black "Svetlov, Dmitry"]
[Result "0-1"]
[WhiteElo "2229"]
[BlackElo "2387"]
[PlyCount "62"]
[EventDate "2014.10.18"]

1. c4 e6 2. Nc3 d5 3. d4 Nf6 4. cxd5 exd5 5. Bg5 c6 6. e3 Be7 7. Bd3 Nbd7 8.
Nge2 O-O 9. Ng3 h6 10. h4 Nb6 11. Nf5 Bxf5 12. Bxf5 Nc4 13. g4 Re8 14. Bf4 g6
15. Bb1 Nxb2 16. Qb3 Nc4 17. h5 g5 18. Be5 Bd6 19. f4 Nxe3 20. Ne2 Nfxg4 21.
Qd3 f5 22. Ng3 Rf8 23. Rg1 Bxe5 24. dxe5 Qa5+ 25. Ke2 gxf4 26. Nf1 Qb6 27. Nxe3
Qxe3+ 28. Qxe3 fxe3 29. Bxf5 Rxf5 30. Rxg4+ Kf7 31. Rag1 Rxh5 0-1

[Event "M.Chigorin Memorial 2014"]
[Site "St. Petersburg"]
[Date "2014.10.24"]
[Round "7.64"]
[White "Kiselev, Pavel"]
[Black "Tologontegin, Semetey"]
[Result "0-1"]
[WhiteElo "2216"]
[BlackElo "2379"]
[PlyCount "102"]
[EventDate "2014.10.18"]

1. Nf3 d6 2. d4 Nf6 3. c4 c6 4. Nc3 Bf5 5. g3 h6 6. Bg2 Nbd7 7. O-O e5 8. d5
Bh7 9. dxc6 bxc6 10. Nd2 Rc8 11. Nde4 Nxe4 12. Nxe4 Nb6 13. Qb3 Be7 14. Rd1 Qc7
15. Be3 Bxe4 16. Bxe4 O-O 17. Rac1 Rb8 18. Bb1 Nd7 19. Qc2 Nf6 20. b3 Rfd8 21.
Qf5 g6 22. Qh3 h5 23. f3 Kg7 24. g4 Qd7 25. c5 d5 26. Qg3 hxg4 27. Qxe5 gxf3
28. exf3 Rh8 29. Rd2 Rbe8 30. Bd4 Rh5 31. Qf4 Reh8 32. Re1 Rh4 33. Qe5 Bd8 34.
Rg2 Qc7 35. Bxg6 Qxe5 36. Bb1+ Qg5 37. Rxg5+ Kf8 38. Be5 Be7 39. Rc1 Nd7 40.
Bd6 Bxd6 41. cxd6 f6 42. Rg2 Ne5 43. Kf2 Kf7 44. d7 Ke6 45. Ke3 d4+ 46. Kf2
Kxd7 47. Rg7+ Kd6 48. Rxa7 Rxh2+ 49. Kg3 R8h3+ 50. Kf4 Rxf3+ 51. Ke4 Rh4# 0-1

[Event "M.Chigorin Memorial 2014"]
[Site "St. Petersburg"]
[Date "2014.10.24"]
[Round "7.65"]
[White "Kharmunova, Nadezhda"]
[Black "Lobanov, Sergei"]
[Result "1/2-1/2"]
[WhiteElo "2206"]
[BlackElo "2372"]
[PlyCount "104"]
[EventDate "2014.10.18"]

1. e4 c5 2. Nf3 d6 3. d4 cxd4 4. Nxd4 Nf6 5. Nc3 Nc6 6. g3 e5 7. Nb3 Be7 8. Bg2
a5 9. O-O O-O 10. Re1 a4 11. Nd2 Bg4 12. f3 Be6 13. Nf1 d5 14. exd5 Nxd5 15.
Nxd5 Bxd5 16. Be3 f5 17. Qd2 Bf6 18. Bc5 Rf7 19. Ne3 Be6 20. Qe2 Qa5 21. Ba3
Rd8 22. c3 Rfd7 23. Rad1 Rxd1 24. Rxd1 Rxd1+ 25. Nxd1 Bxa2 26. Bf1 Bb3 27. Nf2
Qd5 28. Qe3 h6 29. Bd3 Bg5 30. Qe2 Qe6 31. g4 g6 32. Bc2 Be7 33. Bxe7 Nxe7 34.
Bxb3 axb3 35. Qb5 b6 36. c4 Nc6 37. Qxb3 Na5 38. Qe3 Nxc4 39. Qxh6 fxg4 40. b3
Na5 41. Nxg4 Nxb3 42. Qg5 Kg7 43. Nxe5 Nd4 44. Qe3 Qd5 45. Kg2 b5 46. Ng4 Nf5
47. Qc3+ Nd4 48. Qc7+ Kf8 49. Qc8+ Ke7 50. Qc7+ Kf8 51. Qc8+ Ke7 52. Qc7+ Kf8
1/2-1/2

[Event "M.Chigorin Memorial 2014"]
[Site "St. Petersburg"]
[Date "2014.10.24"]
[Round "7.66"]
[White "Nakhbayeva, Guliskhan"]
[Black "Semenova, Irina"]
[Result "1/2-1/2"]
[WhiteElo "2365"]
[BlackElo "2220"]
[PlyCount "105"]
[EventDate "2014.10.18"]

1. d4 Nf6 2. c4 g6 3. Nc3 Bg7 4. e4 d6 5. h3 O-O 6. Bg5 Qe8 7. Nf3 e5 8. dxe5
dxe5 9. Nd5 Nxd5 10. cxd5 c6 11. Bc4 cxd5 12. Bxd5 Qb5 13. Qd2 Nc6 14. a4 Qb4
15. O-O Qxd2 16. Bxd2 Be6 17. Bxc6 bxc6 18. Rfc1 Rfc8 19. b4 Rab8 20. Rab1 f6
21. Kf1 Bf8 22. Ke2 a6 23. Ne1 c5 24. b5 axb5 25. axb5 c4 26. Rc3 Bc5 27. Nc2
Bd7 28. Na3 Bxa3 29. Rxa3 Rxb5 30. Rxb5 Bxb5 31. Ke3 Be8 32. f4 exf4+ 33. Kxf4
Rd8 34. Bb4 Kf7 35. h4 Rd1 36. Ra7+ Rd7 37. Ra6 Rd1 38. Ra7+ Rd7 39. Ra6 Rd1
40. Bc3 Rf1+ 41. Ke3 Bd7 42. Kd4 Be6 43. Ra7+ Kg8 44. Kc5 Rf4 45. Ra8+ Kf7 46.
e5 fxe5 47. Kd6 Bg4 48. Ra7+ Ke8 49. Bxe5 Rf2 50. Ra8+ Kf7 51. Ra7+ Ke8 52.
Ra8+ Kf7 53. Ra7+ 1/2-1/2

[Event "M.Chigorin Memorial 2014"]
[Site "St. Petersburg"]
[Date "2014.10.24"]
[Round "7.67"]
[White "Gogin, Maksim"]
[Black "Guseva, Marina"]
[Result "0-1"]
[WhiteElo "2201"]
[BlackElo "2364"]
[PlyCount "100"]
[EventDate "2014.10.18"]

1. d4 d5 2. Nf3 Nf6 3. c4 c6 4. Qb3 dxc4 5. Qxc4 Bg4 6. Nc3 Nbd7 7. e4 Bxf3 8.
gxf3 e5 9. Be3 exd4 10. Bxd4 Bd6 11. O-O-O Qe7 12. Qd3 Bf4+ 13. Be3 Bxe3+ 14.
Qxe3 O-O 15. f4 Nb6 16. Rg1 Rad8 17. Bd3 Nfd7 18. e5 g6 19. Bc2 Nc5 20. h4 Nc4
21. Qe2 Rxd1+ 22. Rxd1 b5 23. h5 Rd8 24. b3 Rxd1+ 25. Nxd1 Nb6 26. hxg6 hxg6
27. f5 gxf5 28. Qh5 Ne6 29. Ne3 Ng7 30. Qh2 Nd5 31. Nxd5 cxd5 32. f4 Qc5 33.
Qh4 Ne6 34. Qg3+ Kf8 35. Qh4 Qg1+ 36. Kb2 Qd4+ 37. Kb1 Qxf4 38. Qh8+ Ke7 39.
Qf6+ Ke8 40. Qh8+ Nf8 41. Qf6 Nd7 42. Qc6 Qxe5 43. Qa8+ Ke7 44. Qxa7 f4 45. Bd3
d4 46. Qa3+ Kf6 47. Qb4 f3 48. Kc2 Nc5 49. Qd2 Nxd3 50. Kxd3 Qf5+ 0-1

[Event "M.Chigorin Memorial 2014"]
[Site "St. Petersburg"]
[Date "2014.10.24"]
[Round "7.68"]
[White "Gritsayeva, Oksana"]
[Black "Savinov, Leonid"]
[Result "1/2-1/2"]
[WhiteElo "2364"]
[BlackElo "2184"]
[PlyCount "94"]
[EventDate "2014.10.18"]

1. e4 c5 2. Nf3 d6 3. d4 cxd4 4. Qxd4 a6 5. Be3 Nc6 6. Qb6 Qxb6 7. Bxb6 Bg4 8.
Nc3 Rc8 9. Be2 Nf6 10. h3 Bxf3 11. gxf3 g6 12. O-O-O Bh6+ 13. Be3 Bxe3+ 14.
fxe3 O-O 15. f4 Rfd8 16. Bf3 e6 17. h4 h5 18. Rhg1 Kf8 19. Ne2 Ke7 20. c3 b5
21. Kb1 e5 22. Rg5 Nh7 23. Rg2 Nf8 24. Nc1 Ne6 25. f5 Nf8 26. Nd3 a5 27. Rf1
Kd7 28. Bd1 a4 29. fxg6 fxg6 30. Rf7+ Ke6 31. Rf1 Ne7 32. Nb4 Nd7 33. Nd5 Nxd5
34. exd5+ Kxd5 35. Rxg6 Nc5 36. Bf3+ e4 37. Rd1+ Kc6 38. Bxh5 a3 39. Bg4 Rc7
40. b4 Na4 41. Kc2 Kb7 42. Rdxd6 Rxc3+ 43. Kd2 Rd3+ 44. Rxd3 Rxd3+ 45. Kc2 Rc3+
46. Kd2 Rd3+ 47. Kc2 Nc3 1/2-1/2

[Event "M.Chigorin Memorial 2014"]
[Site "St. Petersburg"]
[Date "2014.10.24"]
[Round "7.69"]
[White "Nazaretyan, Tigran"]
[Black "Sadovsky, Artem"]
[Result "1-0"]
[WhiteElo "2168"]
[BlackElo "2364"]
[PlyCount "70"]
[EventDate "2014.10.18"]

1. d4 g6 2. c4 Bg7 3. Nc3 d6 4. Nf3 e5 5. dxe5 dxe5 6. Qxd8+ Kxd8 7. Bd2 Nd7 8.
O-O-O f6 9. h3 Nh6 10. g4 Nf7 11. Bg2 c6 12. Be3 Kc7 13. b3 f5 14. gxf5 gxf5
15. Rhg1 Bf6 16. h4 a5 17. Bh3 Nf8 18. Na4 f4 19. Bb6+ Kb8 20. Bxc8 Kxc8 21.
Nd2 Ne6 22. Ne4 Be7 23. h5 Re8 24. e3 f3 25. Rg3 Nfg5 26. Nxg5 Nxg5 27. h6 Ra6
28. Rdg1 Rg8 29. Rxf3 Rg6 30. Rf5 e4 31. Rd1 Ne6 32. Rf7 Ba3+ 33. Kb1 Rxh6 34.
c5 Rxb6 35. Nxb6+ Kb8 1-0

[Event "M.Chigorin Memorial 2014"]
[Site "St. Petersburg"]
[Date "2014.10.24"]
[Round "7.70"]
[White "Zhurikhin, Alexander"]
[Black "Abdusattorova, Bakhora"]
[Result "1-0"]
[WhiteElo "2347"]
[BlackElo "2202"]
[PlyCount "125"]
[EventDate "2014.10.18"]

1. e4 e5 2. Nf3 Nc6 3. Bb5 Nf6 4. O-O Nxe4 5. d4 Nd6 6. Bxc6 dxc6 7. dxe5 Nf5
8. Qxd8+ Kxd8 9. Nc3 Ke8 10. h3 h5 11. b3 Be6 12. Rd1 Rd8 13. Rxd8+ Kxd8 14.
Bb2 Be7 15. Ne4 h4 16. Re1 Kc8 17. Kf1 b6 18. Ke2 Kb7 19. Rd1 a5 20. Neg5 Rh6
21. Bc1 Rg6 22. Nxe6 Rxe6 23. Bf4 f6 24. Kd3 fxe5 25. Bxe5 Rg6 26. Ne1 Re6 27.
Nf3 Rg6 28. g4 hxg3 29. fxg3 Nxg3 30. Rg1 Bd6 31. Rxg3 Rxg3 32. Bxg3 Bxg3 33.
Ke4 c5 34. c4 Kc6 35. Kf5 Kd6 36. h4 Ke7 37. h5 Kf7 38. Ng5+ Ke7 39. Ne4 Bh2
40. Nc3 Kf7 41. Nd5 Bd6 42. Ne3 Bh2 43. Nf1 Bd6 44. Nd2 Bg3 45. Nf3 Bd6 46.
Ng5+ Ke7 47. Kg6 Be5 48. Nf3 Bc3 49. Nh4 Bd4 50. Ng2 Ba1 51. Ne3 Be5 52. a4 Bd4
53. Nd5+ Kd6 54. Kf7 Be5 55. Ne7 Bf4 56. Nf5+ Ke5 57. Nxg7 c6 58. Ne6 Bh6 59.
Ke7 Ke4 60. Kd6 Kd3 61. Kxc6 Kc3 62. Kxb6 Kxb3 63. Kxc5 1-0

[Event "M.Chigorin Memorial 2014"]
[Site "St. Petersburg"]
[Date "2014.10.24"]
[Round "7.71"]
[White "Duzhakov, Ilya"]
[Black "Klyuev, Alexander S"]
[Result "1-0"]
[WhiteElo "2341"]
[BlackElo "2181"]
[PlyCount "47"]
[EventDate "2014.10.18"]

1. d4 Nf6 2. c4 e6 3. Nf3 c5 4. d5 b5 5. dxe6 fxe6 6. cxb5 d5 7. g3 a6 8. bxa6
Bd6 9. Bg2 O-O 10. O-O Bxa6 11. Nc3 h6 12. b3 Nbd7 13. Qc2 Qe7 14. Re1 d4 15.
Ne4 Nxe4 16. Qxe4 Nf6 17. Qg6 Bb7 18. e4 Nd7 19. e5 Bc7 20. Ng5 hxg5 21. Bxb7
Nxe5 22. Rxe5 Bxe5 23. Bxa8 Rxa8 24. Qe4 1-0

[Event "M.Chigorin Memorial 2014"]
[Site "St. Petersburg"]
[Date "2014.10.24"]
[Round "7.72"]
[White "Naumenko, Oleg"]
[Black "Yandarbiev, Ruslan"]
[Result "1-0"]
[WhiteElo "2133"]
[BlackElo "2339"]
[PlyCount "45"]
[EventDate "2014.10.18"]

1. e4 c5 2. Nc3 d6 3. f4 Nc6 4. Nf3 g6 5. Bc4 Bg7 6. O-O e6 7. d3 Nge7 8. Qe1
a6 9. a4 Rb8 10. f5 exf5 11. Qh4 h6 12. Bd2 Nd4 13. Nxd4 cxd4 14. Ne2 g5 15.
Qh5 d5 16. Bb3 Qd6 17. Rae1 Be6 18. exf5 Bd7 19. f6 Bxf6 20. Ng3 Rh7 21. Bxd5
Qxd5 22. Rxf6 Bc6 23. Qe2 1-0

[Event "M.Chigorin Memorial 2014"]
[Site "St. Petersburg"]
[Date "2014.10.24"]
[Round "7.73"]
[White "Kowsarinia, Amir"]
[Black "Lagashin, Pavel"]
[Result "1-0"]
[WhiteElo "2331"]
[BlackElo "2138"]
[PlyCount "135"]
[EventDate "2014.10.18"]

1. d4 Nf6 2. c4 g6 3. Nc3 d5 4. cxd5 Nxd5 5. Bd2 Bg7 6. e4 Nxc3 7. Bxc3 O-O 8.
Rc1 c5 9. dxc5 Qxd1+ 10. Kxd1 Be6 11. Bxg7 Kxg7 12. a3 Bb3+ 13. Kd2 Nc6 14. Nf3
f5 15. Bd3 Rad8 16. Kc3 e5 17. Rhe1 Rfe8 18. exf5 Bd5 19. Nd2 Bxg2 20. fxg6
hxg6 21. Bxg6 Rf8 22. Bd3 Rxf2 23. Re3 Rh8 24. Rg1 Kf6 25. h3 Nd4 26. Rg3 Bc6
27. Rg6+ Ke7 28. R1g3 e4 29. Nxe4 Bxe4 30. Re3 Kf7 31. Bxe4 Nf5 32. Bxf5 Rxf5
33. Reg3 Rxc5+ 34. Kb4 Rc2 35. Kb3 Rh2 36. Rg7+ Ke6 37. Rxb7 Kd5 38. Ka2 Ra8
39. Rgg7 a5 40. a4 Rxh3 41. Rb5+ Kc6 42. Rgg5 Rh4 43. b3 Rh2+ 44. Ka3 Rc2 45.
Rxa5 Rh8 46. Ra6+ Kb7 47. Rf6 Rh7 48. Kb4 Re2 49. Ka5 Re8 50. Rb6+ Ka8 51. Ra6+
Kb8 52. Rb5+ Rb7 53. Rxb7+ Kxb7 54. b4 Re5+ 55. b5 Re7 56. Rh6 Rg7 57. Rh5 Rf7
58. b6 Rf6 59. Rh7+ Kb8 60. Ka6 Rf8 61. a5 Rg8 62. Rh5 Ka8 63. Kb5 Rc8 64. a6
Rb8 65. Kc6 Rc8+ 66. Kd7 Rb8 67. Rh6 Rg8 68. Re6 1-0

[Event "M.Chigorin Memorial 2014"]
[Site "St. Petersburg"]
[Date "2014.10.24"]
[Round "7.74"]
[White "Snetkov, Ivan"]
[Black "Biriukov, Oleg V"]
[Result "0-1"]
[WhiteElo "2011"]
[BlackElo "2327"]
[PlyCount "126"]
[EventDate "2014.10.18"]

1. e4 c5 2. Nf3 d6 3. d4 cxd4 4. Nxd4 Nf6 5. Nc3 a6 6. Bg5 e6 7. Qf3 Nbd7 8.
O-O-O h6 9. Be3 Qc7 10. Qg3 b5 11. Bxb5 axb5 12. Ndxb5 Qb8 13. Nxd6+ Bxd6 14.
Qxd6 Qxd6 15. Rxd6 Ng4 16. Re1 Ke7 17. Rd4 g5 18. b4 Nde5 19. f3 Nxe3 20. Rxe3
Bd7 21. b5 Rhc8 22. a4 Rc5 23. Rb4 Rac8 24. Rb3 Nc4 25. Rd3 Na5 26. Ra3 Be8 27.
Kd1 f6 28. Ke2 Bg6 29. g4 Ke8 30. Kd1 Bh7 31. h3 Bg8 32. Ke1 Nc4 33. Rb3 Na5
34. Ra3 Bf7 35. Kd1 Kf8 36. Ke1 h5 37. Kf2 h4 38. Ke1 Nc4 39. Rb3 Na5 40. Ra3
Be8 41. Ke2 Kg7 42. Ke1 Kh6 43. Ke2 Bg6 44. Ke1 Be8 45. Kf2 Kg7 46. Ke2 Kh8 47.
Kf2 Bg6 48. Ke2 Bh7 49. Kd1 Kg8 50. Kc1 f5 51. Kd1 f4 52. Ke2 Bg6 53. Ke1 Kf8
54. Ke2 Ke7 55. Ke1 Nc4 56. Rb3 Ne5 57. Kd2 Nxd3 58. cxd3 Be8 59. d4 R5c7 60.
Kd3 Ra8 61. e5 Kd8 62. Rb4 Kc8 63. b6 Rxc3+ 0-1